Biblioteca

Todos los hombres son iguales (Registro nro. 66129)

Detalles MARC
000 -LÍDER
Campo fijo de descripción fija 01930nam a2200349 i 4500
001 - NÚMERO DE CONTROL
Campo de control 768714001
003 - IDENTIFICADOR DEL NÚMERO DE CONTROL
Campo de control CO-MdFUSB
005 - FECHA Y HORA DE LA ULTIMA TRANSACCIÓN
control field 20210922125519.0
007 - CAMPO FIJO DE DESCRIPCIÓN FIJA--INFORMACIÓN GENERAL
Campo fijo de descripción fija ta
008 - ELEMENTOS DE LONGITUD FIJA -- INFORMACIÓN GENERAL
Campo fijo de descripción fija -- Información general 200616t2011 ck |||| |||| 00| 0 spa d
020 ## - NÚMERO INTERNACIONAL NORMALIZADO PARA LIBROS
Número Internacional Normalizado del libro 9789584534019
040 ## - FUENTE DE CATALOGACIÓN
Agencia de catalogación original CO-MdFUSB
Idioma de catalogación spa
Agencia que realiza la transcripción CO-MdFUSB
Agencia que realiza la modificación CO-MdFUSBC
Convenciones de la descripción rda
041 ## - CÓDIGO DE IDIOMA
Código de idioma para texto/pista de sonido o título separado spa
082 ## - NÚMERO DE CLASIFICACIÓN DECIMAL DEWEY
Número de la edición del Dewey 23
Número de clasificación 155.332
Clave de autor-Numero de item N135
100 ## - ASIENTO PRINCIPAL--NOMBRE PERSONAL
Nombre personal Nader, Lucía
Término relacionador autor
245 1# - TÍTULO
Título del Material Todos los hombres son iguales
Parte restante del título - Subtitulo : ellos cuentan todo lo que usted quiere saber, se imaginó y nunca pudo comprobar
Mención de responsabilidad, etc. / Lucía Nader
250 ## - MENCIÓN DE EDICIÓN
Mención de edición Primero edición
264 #1 - PRODUCCIÓN, PUBLICACIÓN, DISTRIBUCIÓN, MANUFACTURA, Y COPYRIGHT
Lugar de producción, publicación, distribución, manufactura Bogotá, Colombia :
Nombre del productor, publicador, distribuidor Norma,
Fecha de producción, publicación, distribución, manufactura, o copyright [2011]
264 #4 - PRODUCCIÓN, PUBLICACIÓN, DISTRIBUCIÓN, MANUFACTURA, Y COPYRIGHT
Fecha de producción, publicación, distribución, manufactura, o copyright ©2011
300 ## - DESCRIPCIÓN FÍSICA
Extensión 360 páginas
Dimensiones ; 23 cm
336 ## - TIPO DE CONTENIDO
Fuente rdacontent
Término de tipo de contenido texto
Código de tipo de contenido txt
337 ## - TIPO DE MEDIO
Fuente rdamedia
Nombre del tipo de medio sin mediación
Código del tipo de medio n
338 ## - TIPO DE SOPORTE
Fuente rdacarrier
Nombre del tipo de soporte volumen
Código Tipo de soporte nc
505 ## - NOTA DE CONTENIDO
Nota de contenido con formato preestablecido Agradecimientos -- ¡Todos los hombre son iguales! -- Don Juan y ¿que? -- El agresor -- Subyugado -- El pequeño infierno del dormitorio -- Variable y algo más -- El sindrome de Peter Pan -- El eterno insatisfecho -- La nube gris -- El despreciable miembro de la sociedad del codo -- Más que un cornudo -- Soy hombre, soy bueno, soy macho -- De parte de mí
520 ## - NOTA DE RESUMEN, ETC.
Nota de sumario, etc. Estas historia no son de nadie en particular. Están escritas para ser leídas por hombres y mujeres como usted, motivados, estimulados o deseosos de encontrar verdades sin tapujos. sin hipocresías. Algunas de estas historias los espantarán, otras los harán sentirse enojados, econgojados o identificados. Después de leer este libro, de seguro muchas dirán "todos son iguales" y muchos afirmarán "no es verdad todo lo que aquí se dice sobre nosotros". Es el momento de adentrarnos en el mundo en los hombres, para recorrer ese universo de contrastes y de múltiples experiencias.
563 ## - NOTA DE ENCUADERNACIÓN
Nota de encuadernación Rústico
650 #7 - ASIENTO SECUNDARIO DE MATERIA - TERMINO TEMÁTICO
9 (RLIN) 72
Término temático o nombre geográfico como elemento de entrada Psicología social
653 ## - TÉRMINO DE INDIZACIÓN - NO CONTROLADO
Término no controlado Masculinidad
653 ## - TÉRMINO DE INDIZACIÓN - NO CONTROLADO
Término no controlado Hombres
942 ## - TIPO DE MATERIAL (KOHA)
Tipo de Item KOHA Libros General
945 ## - INFORMACIÓN LOCAL DEL REGISTRO
Catalogador Dani
Existencias
Estado de Material Estado de Perdido Forma de Clasificación Estado de Dañado No para Préstamo Colección Biblioteca de Origen Biblioteca Permanente Fecha de Adquisición Área Total de Préstamos Signatura Topográfica Código de Barras Última vez visto Ejemplar/Existencia Fecha de Remplazo Tipo de Material
    Dewey Decimal Classification     Colección General Biblioteca FUSBC Biblioteca FUSBC 16/06/2020 PSICOLOGÍA   G 155.332 N135t 25514 16/06/2020 Ej.1 16/06/2020 Libros General

Biblioteca FUSBC | Teléfono: (57+4) 349 88 10 Ext. 141| WhatsApp (+57) 3005338115 
E-mail: biblioteca@unisbc.edu.co | Calle 76 87-14 Robledo Palenque, Medellín, Colombia

Con tecnología Koha